[Event "LSS No Engine Cup 111 Preliminary 5"]
[Site "LSS email"]
[Date "2014.06.02"]
[Round "?"]
[White "Linart, Ludvik"]
[Black "Navajas, Joaquin"]
[Result "0-1"]
[WhiteElo "922"]
[BlackElo "1245"]
[PlyCount "56"]
[EventDate "2014.06.03"]
[EventType "tourn (corr)"]
[EventRounds "6"]
[EventCountry "GER"]
[SourceTitle "Corr 2015"]
[Source "ChessBase"]
[SourceDate "2015.07.17"]
[SourceVersion "1"]
[SourceVersionDate "2015.07.17"]
[SourceQuality "1"]

1. d4 d5 2. c4 dxc4 3. Nc3 Nf6 4. e4 Bg4 5. Qa4+ c6 6. Qxc4 e6 7. Be2 Bxe2 8. Ngxe2 Be7 9. 0-0 0-0 10. Bg5 Nbd7 11. Rfd1 Qa5 12. a3 Qxg5 13. Rd3 Nh5 14. Ng3 Ndf6 15. Nce2 Nf4 16. Nxf4 Qxf4 17. Re1 Rfd8 18. h3 Rd7 19. e5 Nd5 20. Re4 Qh6 21. Qc2 g6 22. Nf1 Rad8 23. Nh2 Qg7 24. b4 Nc7 25. Nf3 f5 26. Re1 Kh8 27. Kh2 g5 28. g3 g4 0-1

[Event "LSS No Engine Cup 111 Preliminary 5"]
[Site "LSS email"]
[Date "2014.06.02"]
[Round "?"]
[White "Navajas, Joaquin"]
[Black "Babos, Istvan"]
[Result "1-0"]
[WhiteElo "1245"]
[BlackElo "647"]
[PlyCount "39"]
[EventDate "2014.06.03"]
[EventType "tourn (corr)"]
[EventRounds "6"]
[EventCountry "GER"]
[SourceTitle "Corr 2015"]
[Source "ChessBase"]
[SourceDate "2015.07.17"]
[SourceVersion "1"]
[SourceVersionDate "2015.07.17"]
[SourceQuality "1"]

1. e4 e6 2. d4 d5 3. e5 Bb4+ 4. c3 Bxc3+ 5. bxc3 c5 6. Nf3 c4 7. Be2 Bd7 8. Ba3 Ba4 9. Qxa4+ Nc6 10. Nbd2 Nge7 11. Rb1 Qa5 12. Qxa5 Nxa5 13. 0-0 Nec6 14. Bd1 b6 15. Ba4 Rc8 16. Bb4 Kd7 17. Bxa5 bxa5 18. Rb7+ Ke8 19. Bxc6+ Rxc6 20. Rb8+ 1-0

[Event "LSS No Engine Cup 98 Preliminary 4"]
[Site "LSS email"]
[Date "2013.11.20"]
[Round "?"]
[White "Lonyuk, Bohdan"]
[Black "Navajas, Joaquin"]
[Result "0-1"]
[WhiteElo "1223"]
[BlackElo "1252"]
[PlyCount "54"]
[EventDate "2013.11.21"]
[EventType "tourn (corr)"]
[EventRounds "6"]
[EventCountry "GER"]
[SourceTitle "Telechess CBM 167"]
[Source "ChessBase"]
[SourceDate "2015.07.13"]
[SourceVersion "1"]
[SourceVersionDate "2015.07.13"]
[SourceQuality "1"]

1. e4 d6 2. d4 Nf6 3. Nc3 g6 4. f4 Bg7 5. Nf3 0-0 6. Bd3 c5 7. dxc5 dxc5 8. e5 Nd5 9. Bd2 Nc6 10. a3 a6 11. Ne4 b6 12. c4 Nc7 13. Be3 Bb7 14. 0-0 f5 15. Neg5 h6 16. Nh3 Ne6 17. Nh4 Qe8 18. Nf2 Rd8 19. g4 Ncd4 20. gxf5 Rxf5 21. Nxf5 Nf3+ 22. Kh1 gxf5 23. Qc1 Qh5 24. h3 Rxd3 25. Rd1 Ne1+ 26. Kg1 Qf3 27. Kf1 Rxe3 0-1

[Event "LSS No Engine Cup 80 Preliminary 3"]
[Site "LSS email"]
[Date "2013.01.05"]
[Round "?"]
[White "Navajas, Joaquin"]
[Black "Chamberlain, Edwin"]
[Result "1-0"]
[WhiteElo "1216"]
[BlackElo "945"]
[PlyCount "47"]
[EventDate "2013.01.06"]
[EventType "tourn (corr)"]
[EventRounds "6"]
[EventCountry "GER"]
[SourceTitle "Telechess CBM 161"]
[Source "ChessBase"]
[SourceDate "2014.07.16"]
[SourceVersion "1"]
[SourceVersionDate "2014.07.16"]
[SourceQuality "1"]

1. d4 Nf6 2. Nf3 g6 3. e3 Bg7 4. c4 d5 5. Nc3 0-0 6. Bd3 c5 7. 0-0 cxd4 8. Nxd4 Nc6 9. Rb1 Nxd4 10. exd4 Be6 11. c5 a6 12. a4 b6 13. b4 bxc5 14. bxc5 Qa5 15. Bd2 Qc7 16. Qc2 Bd7 17. Rb6 a5 18. Rfb1 e5 19. Rb7 Qc6 20. R1b6 Qc8 21. Bb5 exd4 22. Bxd7 Nxd7 23. Nxd5 Nxb6 24. Ne7+ 1-0

[Event "LSS No Engine Cup 80 Preliminary 3"]
[Site "LSS email"]
[Date "2013.01.05"]
[Round "?"]
[White "Schnoewitz, Brigitte"]
[Black "Navajas, Joaquin"]
[Result "1-0"]
[WhiteElo "1131"]
[BlackElo "1216"]
[PlyCount "41"]
[EventDate "2013.01.06"]
[EventType "tourn (corr)"]
[EventRounds "6"]
[EventCountry "GER"]
[SourceTitle "Telechess CBM 161"]
[Source "ChessBase"]
[SourceDate "2014.07.16"]
[SourceVersion "1"]
[SourceVersionDate "2014.07.16"]
[SourceQuality "1"]

1. d4 d5 2. e3 Nf6 3. Nf3 g6 4. Be2 Bg7 5. c3 0-0 6. 0-0 Nbd7 7. Nbd2 c5 8. b3 a6 9. Bb2 b5 10. dxc5 Nxc5 11. Nd4 Bb7 12. N2f3 Rc8 13. Rc1 Qa5 14. a3 Qb6 15. Ba1 e5 16. Nxe5 Nfe4 17. Nef3 Rfd8 18. c4 dxc4 19. bxc4 bxc4 20. Bxc4 Qa5 21. Bb2 1-0

[Event "LSS No Engine Cup 72 Preliminary 7"]
[Site "LSS email"]
[Date "2012.09.06"]
[Round "?"]
[White "Lombardi, Donato"]
[Black "Navajas, Joaquin"]
[Result "0-1"]
[WhiteElo "907"]
[BlackElo "1235"]
[PlyCount "118"]
[EventDate "2012.09.07"]
[EventType "tourn (corr)"]
[EventRounds "6"]
[EventCountry "GER"]
[SourceTitle "Telechess CBM 163"]
[Source "ChessBase"]
[SourceDate "2014.11.11"]
[SourceVersion "2"]
[SourceVersionDate "2014.11.11"]
[SourceQuality "1"]

1. e4 e6 2. d4 d5 3. exd5 exd5 4. Bd3 Nf6 5. Nf3 Be7 6. 0-0 0-0 7. Bg5 Bg4 8. Nbd2 c6 9. c3 Nbd7 10. Qc2 h6 11. h3 Be6 12. Bh4 c5 13. dxc5 Nxc5 14. b4 Nxd3 15. Qxd3 Qc7 16. Rfe1 Rac8 17. Nd4 Qd6 18. Nf5 Bxf5 19. Qxf5 Rxc3 20. Rad1 Qxb4 21. Bg3 Rfc8 22. Nb3 Bd6 23. Bxd6 Qxd6 24. Nd4 Qb4 25. Nf3 Qa4 26. Rd3 R3c7 27. Re7 Rc1+ 28. Kh2 R8c7 29. Rxc7 Rxc7 30. Ne5 Qe4 31. Qxe4 dxe4 32. Rb3 Kf8 33. Rb4 Ke7 34. Kg3 Kd6 35. Ng4 Nxg4 36. hxg4 Re7 37. Kf4 Kc5 38. Rxe4 Rxe4+ 39. Kxe4 b5 40. f4 a5 41. Kd3 b4 42. g3 a4 43. Kc2 Kd4 44. Kd2 b3 45. axb3 axb3 46. Kc1 Ke3 47. Kb2 Kf3 48. g5 h5 49. Kxb3 Kxg3 50. f5 h4 51. Kc3 h3 52. Kd3 Kf4 53. Ke2 Kxg5 54. Kf3 Kxf5 55. Kg3 Ke4 56. Kxh3 Ke3 57. Kg4 g6 58. Kg5 f5 59. Kxg6 f4 0-1

[Event "LSS No Engine Cup 63 Preliminary 1"]
[Site "LSS email"]
[Date "2012.04.04"]
[Round "?"]
[White "Lonyuk, Bohdan"]
[Black "Navajas, Joaquin"]
[Result "1/2-1/2"]
[WhiteElo "1063"]
[BlackElo "1227"]
[PlyCount "48"]
[EventDate "2012.04.05"]
[EventType "tourn (corr)"]
[EventRounds "6"]
[EventCountry "GER"]
[SourceTitle "Telechess CBM 153"]
[Source "ChessBase"]
[SourceDate "2013.03.14"]
[SourceVersion "1"]
[SourceVersionDate "2013.03.14"]
[SourceQuality "1"]

1. e4 e6 2. d4 d5 3. Nd2 Nc6 4. Ngf3 Nf6 5. e5 Nd7 6. Nb3 a5 7. a4 Be7 8. Bb5 Na7 9. Be2 c5 10. dxc5 Nxc5 11. Nxc5 Bxc5 12. 0-0 0-0 13. c3 Nc6 14. Bb5 Qc7 15. Re1 Bd7 16. Bf4 Ne7 17. Bxd7 Qxd7 18. Qc2 Ng6 19. Bg5 Rac8 20. Qd3 f6 21. exf6 gxf6 22. Be3 Bxe3 23. Qxe3 e5 24. Qb6 Qc7 1/2-1/2

[Event "OP-2012-0-02135"]
[Site "LSS email"]
[Date "2012.04.04"]
[Round "?"]
[White "Navajas, Joaquin"]
[Black "Minte, Dieter"]
[Result "0-1"]
[WhiteElo "1227"]
[BlackElo "2350"]
[PlyCount "38"]
[EventDate "2012.03.31"]
[EventType "tourn (corr)"]
[EventRounds "4"]
[EventCountry "GER"]
[SourceTitle "Telechess CBM 153"]
[Source "ChessBase"]
[SourceDate "2013.03.14"]
[SourceVersion "1"]
[SourceVersionDate "2013.03.14"]
[SourceQuality "1"]

1. d4 e6 2. Nf3 Nf6 3. g3 d5 4. Bg2 Be7 5. 0-0 0-0 6. c4 dxc4 7. Qa4 a6 8. Qxc4 b5 9. Qc2 Bb7 10. Nc3 c5 11. dxc5 Bxc5 12. Nxb5 Bxf2+ 13. Rxf2 Be4 14. Qb3 Bd5 15. Qd3 axb5 16. Qxb5 Ng4 17. Rf1 Nc6 18. e3 Na5 19. Qb4 f5 0-1

[Event "LSS No Engine Cup 31 Preliminary 4"]
[Site "LSS email"]
[Date "2010.11.22"]
[Round "?"]
[White "Pehl, Ferenc"]
[Black "Navajas, Joaquin"]
[Result "1/2-1/2"]
[WhiteElo "805"]
[BlackElo "1296"]
[PlyCount "76"]
[EventDate "2010.11.23"]
[EventType "tourn (corr)"]
[EventRounds "6"]
[EventCountry "GER"]
[SourceTitle "Telechess CBM 145"]
[Source "Chessbase"]
[SourceDate "2011.11.11"]
[SourceVersion "1"]
[SourceVersionDate "2011.11.11"]
[SourceQuality "1"]

1. e4 e6 2. d4 d5 3. exd5 exd5 4. Be3 Nf6 5. Nf3 Bd6 6. h3 0-0 7. Nc3 Bf5 8. Bd3 Qd7 9. Bxf5 Qxf5 10. 0-0 c6 11. Re1 Na6 12. a3 Rfe8 13. Qd2 Rad8 14. Bg5 h6 15. Bxf6 Qxf6 16. Rxe8+ Rxe8 17. Re1 Rxe1+ 18. Qxe1 Qe7 19. Qxe7 Bxe7 20. Kf1 Nc7 21. Ke2 Ne6 22. g3 Ng5 23. h4 Nxf3 24. Kxf3 g5 25. hxg5 Bxg5 26. b3 Be7 27. a4 Kg7 28. Ne2 f5 29. Kf4 Kf6 30. c4 Bd6+ 31. Kf3 dxc4 32. bxc4 Kg5 33. c5 Bc7 34. Ng1 b6 35. Nh3+ Kf6 36. Ke3 bxc5 37. dxc5 Ke5 38. Nf4 Ba5 1/2-1/2

[Event "LSS No Engine Cup 27 Preliminary 3"]
[Site "LSS email"]
[Date "2010.08.30"]
[Round "?"]
[White "Plummer, Martin"]
[Black "Navajas, Joaquin"]
[Result "0-1"]
[WhiteElo "1048"]
[BlackElo "1343"]
[PlyCount "58"]
[EventDate "2010.08.31"]
[EventType "tourn (corr)"]
[EventRounds "6"]
[EventCountry "GER"]
[SourceTitle "Telechess CBM 145"]
[Source "Chessbase"]
[SourceDate "2011.11.11"]
[SourceVersion "1"]
[SourceVersionDate "2011.11.11"]
[SourceQuality "1"]

1. e4 e5 2. Nf3 d6 3. h3 c5 4. Nc3 Nf6 5. d3 Be7 6. Be2 0-0 7. 0-0 Nc6 8. a3 Be6 9. Be3 a6 10. b3 d5 11. exd5 Nxd5 12. Nxd5 Bxd5 13. Nd2 f5 14. f4 exf4 15. Bxf4 Bf6 16. Rb1 Qa5 17. a4 Nd4 18. Nc4 Qd8 19. Bf3 Nxf3+ 20. gxf3 Bd4+ 21. Kh2 b5 22. axb5 axb5 23. Ne3 Bc6 24. Ng2 Re8 25. Qd2 Qf6 26. c4 b4 27. Be3 Bxe3 28. Nxe3 Qe5+ 29. Kg2 Qxe3 0-1

[Event "LSS No Engine Cup 25 Preliminary 3"]
[Site "LSS email"]
[Date "2010.07.22"]
[Round "?"]
[White "Gonzalez, Miguel"]
[Black "Navajas, Joaquin"]
[Result "0-1"]
[WhiteElo "1686"]
[BlackElo "1350"]
[PlyCount "66"]
[EventDate "2010.07.23"]
[EventType "tourn (corr)"]
[EventRounds "6"]
[EventCountry "GER"]
[SourceTitle "Telechess CBM 143"]
[Source "ChessBase"]
[SourceDate "2011.07.15"]
[SourceVersion "1"]
[SourceVersionDate "2011.07.15"]
[SourceQuality "1"]

1. c4 Nf6 2. Nc3 g6 3. e4 d6 4. d4 Bg7 5. h3 c5 6. d5 a6 7. a4 0-0 8. Nf3 e6 9. Bd3 exd5 10. cxd5 Nbd7 11. Bf4 Qb6 12. Qc2 Re8 13. 0-0 Nh5 14. a5 Qc7 15. Ne2 Nxf4 16. Nxf4 Ne5 17. Nxe5 Bxe5 18. Ne2 b5 19. axb6 Qxb6 20. Ra2 Bd7 21. f4 c4+ 22. Kh1 cxd3 23. Qxd3 Bg7 24. Nc3 Bb5 25. Nxb5 Qxb5 26. Qxb5 axb5 27. Rxa8 Rxa8 28. b3 Re8 29. Re1 Bc3 30. Re2 f6 31. g4 Ra8 32. Rc2 b4 33. Kg2 Ra3 0-1

[Event "LSS No Engine Cup 24 Preliminary 5"]
[Site "LSS email"]
[Date "2010.06.23"]
[Round "?"]
[White "Grabowski, Benedykt"]
[Black "Navajas, Joaquin"]
[Result "1-0"]
[WhiteElo "1860"]
[BlackElo "1341"]
[PlyCount "31"]
[EventDate "2010.06.24"]
[EventType "tourn (corr)"]
[EventRounds "6"]
[EventCountry "GER"]
[SourceTitle "Corr 2013"]
[Source "ChessBase"]
[SourceDate "2012.11.12"]
[SourceVersion "1"]
[SourceVersionDate "2012.11.12"]
[SourceQuality "1"]

1. e4 e5 2. Nf3 d6 3. d4 exd4 4. Nxd4 g6 5. Bb5+ Bd7 6. 0-0 Bg7 7. Nc3 Nf6 8. Bg5 0-0 9. f4 Bxb5 10. Ndxb5 Qd7 11. Bxf6 Bxf6 12. Nd5 Bd8 13. Nbxc7 Na6 14. Nxa8 Qc8 15. f5 Qxa8 16. Qd2 1-0

[Event "LSS No Engine Cup 24 Preliminary 5"]
[Site "LSS email"]
[Date "2010.06.23"]
[Round "?"]
[White "Navajas, Joaquin"]
[Black "Hilton, Stephen H"]
[Result "1-0"]
[WhiteElo "1350"]
[BlackElo "1155"]
[PlyCount "45"]
[EventDate "2010.06.24"]
[EventType "tourn (corr)"]
[EventRounds "6"]
[EventCountry "GER"]
[SourceTitle "Telechess CBM 143"]
[Source "ChessBase"]
[SourceDate "2011.07.15"]
[SourceVersion "1"]
[SourceVersionDate "2011.07.15"]
[SourceQuality "1"]

1. d4 Nf6 2. Nf3 g6 3. g3 Bg7 4. Bg2 0-0 5. 0-0 d6 6. c4 c5 7. Nc3 Nc6 8. d5 Na5 9. Qd3 b6 10. Rb1 Ba6 11. b3 Rc8 12. Bg5 h6 13. Bf4 Nh5 14. Be3 Nf6 15. Bh3 Rb8 16. Qd2 Kh7 17. Qc2 b5 18. cxb5 Bxb5 19. Nxb5 Rxb5 20. Rfd1 Qb8 21. Bd2 Nb7 22. e4 Nd7 23. Bxd7 1-0

[Event "LSS CP-2009-P-00036"]
[Site "LSS email"]
[Date "2009.09.27"]
[Round "?"]
[White "Evans, Gordon R"]
[Black "Navajas, Joaquin"]
[Result "1-0"]
[WhiteElo "2348"]
[BlackElo "1315"]
[PlyCount "95"]
[EventDate "2009.10.01"]
[EventType "tourn (corr)"]
[EventRounds "6"]
[EventCountry "GER"]
[SourceTitle "Corr 2013"]
[Source "ChessBase"]
[SourceDate "2012.11.12"]
[SourceVersion "1"]
[SourceVersionDate "2012.11.12"]
[SourceQuality "1"]
[WhiteTeam "US of America"]
[BlackTeam "US of America"]
[WhiteTeamCountry "USA"]
[BlackTeamCountry "USA"]

1. d4 Nf6 2. c4 g6 3. Nc3 Bg7 4. e4 d6 5. Nf3 0-0 6. Be2 Nbd7 7. 0-0 e5 8. Re1 c6 9. Bf1 exd4 10. Nxd4 Re8 11. Rb1 a5 12. f3 Nc5 13. Be3 Qc7 14. Qd2 Nfd7 15. Kh1 b6 16. Rbd1 Ne5 17. Nb3 a4 18. Nxc5 dxc5 19. Qc2 a3 20. b3 Be6 21. Qc1 Bh8 22. Na4 Nd7 23. Bf4 Qa7 24. Rd6 Ne5 25. Red1 Bg7 26. h3 f5 27. exf5 Bxf5 28. Re1 Qb7 29. g4 Nf7 30. Rxe8+ Rxe8 31. Rd1 Bd7 32. Qxa3 Bc8 33. Qc1 Bf6 34. Re1 Rd8 35. Bg3 Kg7 36. Nc3 Rf8 37. f4 Rd8 38. Ne4 Bd4 39. Bh4 Re8 40. Qd2 Kf8 41. Bg2 Qc7 42. a4 Kg7 43. b4 Kf8 44. bxc5 bxc5 45. Bf2 Qa7 46. a5 h6 47. Bxd4 cxd4 48. c5 1-0

[Event "LSS CP-2009-P-00036"]
[Site "LSS email"]
[Date "2009.09.27"]
[Round "?"]
[White "Lavis, Jon"]
[Black "Navajas, Joaquin"]
[Result "1/2-1/2"]
[WhiteElo "1461"]
[BlackElo "1256"]
[PlyCount "50"]
[EventDate "2009.10.01"]
[EventType "tourn (corr)"]
[EventRounds "6"]
[EventCountry "GER"]
[SourceTitle "Corr 2013"]
[Source "ChessBase"]
[SourceDate "2012.11.12"]
[SourceVersion "1"]
[SourceVersionDate "2012.11.12"]
[SourceQuality "1"]
[WhiteTeam "US of America"]
[BlackTeam "US of America"]
[WhiteTeamCountry "USA"]
[BlackTeamCountry "USA"]

1. c4 Nf6 2. g3 g6 3. Bg2 Bg7 4. Nf3 0-0 5. 0-0 d6 6. b3 c5 7. d4 Nc6 8. Bb2 Ne4 9. Nbd2 Bf5 10. Nh4 Nxd2 11. Qxd2 Bg4 12. h3 Bd7 13. dxc5 Bxb2 14. Qxb2 dxc5 15. Rad1 Qc8 16. Kh2 Qc7 17. f4 Rad8 18. e3 Bc8 19. g4 b6 20. Nf3 f6 21. Nd2 g5 22. Bd5+ Kh8 23. Kg3 gxf4+ 24. exf4 Nd4 25. Nf3 e6 1/2-1/2